[Event "57th World Juniors 2018"]
[Site "Manavgat TUR"]
[Date "2018.09.12"]
[Round "8.31"]
[White "Bashirli, Nail"]
[Black "Tang, Andrew"]
[Result "0-1"]
[WhiteTitle "IM"]
[BlackTitle "GM"]
[WhiteElo "2354"]
[BlackElo "2489"]
[WhiteFideId "13406809"]
[BlackFideId "2059630"]
[EventDate "2018.09.05"]

1. e4 e5 2. Nf3 Nc6 3. Bb5 a6 4. Ba4 Nf6 5. O-O d6 6. Re1 Bd7 7. c3 g6 8. d4 b5
9. Bc2 Bg7 10. Nbd2 O-O 11. h3 Nh5 12. Nf1 Qc8 13. g4 Nf6 14. Ng3 Kh8 15. Bg5
Ng8 16. Qd2 f6 17. Be3 Nd8 18. d5 Nf7 19. b3 Ne7 20. Rac1 c5 21. c4 Qc7 22. b4
bxc4 23. bxc5 dxc5 24. Bb1 Nd6 25. Bh6 Bxh6 26. Qxh6 Rae8 27. Qe3 Nec8 28. Qh6
Kg8 29. Qh4 Qd8 30. g5 Qe7 31. gxf6 Rxf6 32. Nd2 Qg7 33. Qg5 Bxh3 34. Qe3 Ref8
35. f3 Nb5 36. Kh2 Bd7 37. Rxc4 Nd4 38. Kg2 Qf7 39. Rc3 Rf4 40. Rf1 Qe7 41. Bc2
h5 42. Bd1 Nd6 43. Rxc5 Nf7 44. Rc3 Ng5 45. Rh1 h4 46. Ngf1 Qf6 47. Nh2 Nh3 48.
Nhf1 Ng5 49. Qe1 Ngxf3 0-1

[Event "57th World Juniors 2018"]
[Site "Manavgat TUR"]
[Date "2018.09.12"]
[Round "8.32"]
[White "Hollan, Martin"]
[Black "Morozov, Nichita"]
[Result "1/2-1/2"]
[WhiteTitle "FM"]
[BlackTitle "IM"]
[WhiteElo "2336"]
[BlackElo "2452"]
[WhiteFideId "360937"]
[BlackFideId "13900897"]
[EventDate "2018.09.05"]

1. c4 e6 2. Nc3 Bb4 3. e4 c5 4. Nf3 d6 5. d4 Nf6 6. Bd3 cxd4 7. Nxd4 Nc6 8. Nf3
Bxc3+ 9. bxc3 Qa5 10. O-O O-O 11. Rb1 Nd7 12. Rb5 Qc7 13. Rg5 f6 14. Rg3 Nc5 15.
Bc2 e5 16. Nh4 Rf7 17. Qh5 Be6 18. Nf5 Bxc4 19. Nh6+ Kh8 20. Nxf7+ Bxf7 21. Qf3
Bxa2 22. h4 b5 23. h5 Qe7 24. Rd1 a5 25. Be3 a4 26. Qe2 Bc4 27. Qd2 a3 28. Ra1
Nb3 29. Bxb3 Bxb3 30. h6 g6 31. f4 a2 32. fxe5 Nxe5 33. Bd4 Bc4 34. Qf2 Kg8 35.
Bxe5 dxe5 36. Rf3 Kf7 37. Qb6 Rd8 38. Rf2 Rd6 39. Qb8 Rd8 40. Qb6 Rd6 41. Qb8
Qd8 42. Qa7+ Qd7 43. Rfxa2 Bxa2 44. Qxa2+ Qe6 45. Qa8 g5 46. Qh8 Kg6 47. Qg7+
Kh5 48. Rf1 Rd7 49. Qxf6 Qxf6 50. Rxf6 Kh4 51. Kh2 Kg4 52. Rf5 Re7 53. Rf6 Rc7
54. Rf5 Re7 55. Rf6 Kh4 56. Rb6 g4 57. g3+ Kg5 58. Rxb5 Kxh6 59. c4 Kg5 60. c5
Rc7 61. c6 Rxc6 62. Rxe5+ Kf6 63. Rf5+ Kg6 64. Re5 Rc2+ 65. Kg1 h5 66. Re6+ Kg5
67. Re5+ 1/2-1/2

[Event "57th World Juniors 2018"]
[Site "Manavgat TUR"]
[Date "2018.09.12"]
[Round "8.33"]
[White "Milosevic, Milos"]
[Black "Mohammad, Nubairshah Shaikh"]
[Result "0-1"]
[WhiteTitle "FM"]
[BlackTitle "IM"]
[WhiteElo "2292"]
[BlackElo "2443"]
[WhiteFideId "964875"]
[BlackFideId "5053196"]
[EventDate "2018.09.05"]

1. e4 c6 2. c4 d5 3. exd5 cxd5 4. cxd5 Nf6 5. Bb5+ Nbd7 6. Nc3 a6 7. Bxd7+ Qxd7
8. Nf3 Nxd5 9. O-O Nxc3 10. bxc3 e6 11. Ne5 Qc7 12. d4 Bd6 13. Ba3 Bxa3 14. Qa4+
b5 15. Qxa3 Bb7 16. Rfe1 Qe7 17. Qxe7+ Kxe7 18. Nd3 Bd5 19. a4 Rhb8 20. axb5
axb5 21. Nc5 Rxa1 22. Rxa1 b4 23. Rb1 b3 24. f3 b2 25. Nd3 Rb3 26. Rxb2 Rxc3 27.
Nf4 Bc6 28. Rd2 g5 29. Ne2 Ra3 30. Kf2 Kd6 31. Rc2 Rd3 32. Ra2 h6 33. Ke1 Bb5
34. Rb2 Bc4 35. Rd2 Kd5 36. Rxd3 Bxd3 37. Ng3 Kxd4 38. Kd2 e5 39. Nh5 e4 40.
fxe4 Bxe4 41. g4 Bf3 42. h3 Bg2 43. Ng3 Bxh3 44. Nf5+ Ke5 45. Nxh6 Kf6 46. Ke3
Kg6 47. Nf5 Bxg4 48. Ne7+ Kf6 49. Nc6 Bd7 50. Nd4 Ke5 51. Nf3+ Kf5 52. Nd4+ Kg4
53. Kf2 Be6 54. Ne2 Bd5 55. Nc3 Bc6 56. Ne2 f5 57. Nd4 Bd5 58. Ne2 Bc4 59. Ng3
Bd3 60. Nh1 f4 61. Kg1 Kf3 62. Kh2 g4 63. Kg1 g3 64. Nxg3 Kxg3 0-1

[Event "57th World Juniors 2018"]
[Site "Manavgat TUR"]
[Date "2018.09.12"]
[Round "8.34"]
[White "Haria, Ravi"]
[Black "Schitco, Ivan"]
[Result "1/2-1/2"]
[WhiteTitle "IM"]
[BlackTitle "FM"]
[WhiteElo "2442"]
[BlackElo "2358"]
[WhiteFideId "415820"]
[BlackFideId "13905465"]
[EventDate "2018.09.05"]

1. e4 c6 2. d4 d5 3. Nd2 dxe4 4. Nxe4 Nf6 5. Nxf6+ exf6 6. c3 Bd6 7. Bd3 O-O 8.
Ne2 Re8 9. Qc2 Kh8 10. O-O Nd7 11. Bf4 Nf8 12. Bg3 Bg4 13. Rfe1 Ng6 14. a4 Re7
15. a5 Bxg3 16. hxg3 Qc7 17. f3 Be6 18. b4 Rae8 19. Qd2 h6 20. Kf2 Kg8 21. Nf4
Nxf4 22. Qxf4 Qxf4 23. gxf4 f5 24. a6 b6 25. b5 cxb5 26. Bxb5 Rd8 27. Rad1 Rc7
28. Re3 g6 29. c4 Kf8 30. Rc3 Bd7 31. Bxd7 Rdxd7 32. Ke3 h5 33. Rb1 Rd5 34. Ra1
Ke7 35. Kd3 Rd8 36. Re1+ Kd6 37. Re5 Rdc8 38. Rd5+ Ke6 39. Re5+ Kd6 40. Rc1 Rc6
41. Rb5 R8c7 42. Rd5+ Ke7 43. Re1+ Kf6 44. Rc1 Ke7 45. Rc2 Re6 46. Re5 Kd7 47.
Rce2 Kd6 48. d5 Ree7 49. Kd4 Rcd7 50. g3 Rc7 51. Rc2 Rc5 52. Rxe7 Kxe7 53. Re2+
Kd7 54. Ke5 Ke7 55. Kd4+ Kd7 56. Ke5 Ke7 57. Kd4+ 1/2-1/2

[Event "57th World Juniors 2018"]
[Site "Manavgat TUR"]
[Date "2018.09.12"]
[Round "8.35"]
[White "Ozen, Deniz"]
[Black "Nyambileg, Erdene-Ochir"]
[Result "1/2-1/2"]
[WhiteTitle "FM"]
[WhiteElo "2431"]
[BlackElo "1798"]
[WhiteFideId "6349196"]
[BlackFideId "4901932"]
[EventDate "2018.09.05"]

1. e4 e5 2. Nf3 Nc6 3. Bb5 a6 4. Ba4 Nf6 5. O-O b5 6. Bb3 Bb7 7. Re1 Bc5 8. c3
O-O 9. d4 Bb6 10. Bg5 d6 11. dxe5 Nxe5 12. Nxe5 dxe5 13. Qf3 h6 14. Bxf6 Qxf6
15. Qxf6 gxf6 16. Nd2 Rad8 17. Nf1 Rd6 18. Rad1 Rfd8 19. Rxd6 Rxd6 20. Bc2 Kf8
21. Re2 Bc8 22. Rd2 Rxd2 23. Nxd2 Ke7 24. Kf1 Be6 25. Bb3 Bd7 26. Bc2 Be6 27. a3
c5 28. Ke2 c4 29. Nf1 Bc5 30. Ng3 a5 31. Nf5+ 1/2-1/2

[Event "57th World Juniors 2018"]
[Site "Manavgat TUR"]
[Date "2018.09.12"]
[Round "8.36"]
[White "Nogerbek, Kazybek"]
[Black "Martinez Alcantara, Jose Eduardo"]
[Result "0-1"]
[WhiteTitle "FM"]
[BlackTitle "GM"]
[WhiteElo "2261"]
[BlackElo "2565"]
[WhiteFideId "13710427"]
[BlackFideId "3805662"]
[EventDate "2018.09.05"]

1. d4 Nf6 2. c4 e6 3. Nf3 Bb4+ 4. Nbd2 O-O 5. a3 Be7 6. e4 d6 7. Be2 Nbd7 8. O-O
e5 9. b4 a5 10. Bb2 exd4 11. Nxd4 Re8 12. f3 Bf8 13. N2b3 axb4 14. axb4 Rxa1 15.
Qxa1 c6 16. Bc3 g6 17. b5 c5 18. Nc2 h5 19. Qe1 Qe7 20. Qg3 Bh6 21. Bd2 Bg7 22.
Bf4 Ne5 23. Ne3 b6 24. Ra1 Bb7 25. Qe1 Qc7 26. Qd2 Qe7 27. Ra7 Qc7 28. Ra1 Nh7
29. Rd1 Rd8 30. Nc1 Nf8 31. Bg5 Rd7 32. Nd5 Bxd5 33. exd5 Nh7 34. Be3 Re7 35.
Na2 Qa7 36. Nc3 f5 37. Bf2 Qa3 38. Rc1 Nf7 39. Bf1 Bh6 40. f4 Bg7 41. Nb1 Qa7
42. h3 Nf6 43. Nc3 Ne4 44. Nxe4 fxe4 45. Re1 Qd7 46. Qc2 Qf5 47. Be3 Nh6 48. g3
Qf7 49. Bg2 Nf5 50. Kh2 Bd4 51. Bxd4 Nxd4 52. Qb1 e3 53. Qd3 e2 54. Kg1 h4 55.
gxh4 Qxf4 56. Qxg6+ Kf8 57. Qh5 Qg3 58. Qh8+ Kf7 59. Qh5+ Kg7 60. Qg4+ Qxg4 61.
hxg4 Nc2 62. Kf2 Nxe1 63. Kxe1 Re3 0-1

[Event "57th World Juniors 2018"]
[Site "Manavgat TUR"]
[Date "2018.09.12"]
[Round "8.37"]
[White "Murzin, Volodar"]
[Black "Priasmoro, Novendra"]
[Result "1/2-1/2"]
[WhiteTitle "FM"]
[BlackTitle "FM"]
[WhiteElo "2349"]
[BlackElo "2498"]
[WhiteFideId "44155573"]
[BlackFideId "7105029"]
[EventDate "2018.09.05"]

1. e4 c5 2. Nf3 Nc6 3. d4 cxd4 4. Nxd4 g6 5. c4 Bg7 6. Be3 Nf6 7. Nc3 d6 8. Be2
O-O 9. f3 Bd7 10. Qd2 Nxd4 11. Bxd4 Bc6 12. O-O Nd7 13. Bxg7 Kxg7 14. Qd4+ Kg8
15. Rfd1 a5 16. b3 Qb6 17. Qxb6 Nxb6 18. Kf2 Rfc8 19. Rac1 Kg7 20. a3 Rc7 21. f4
h5 22. a4 Nd7 23. Bd3 Nc5 24. Bc2 h4 25. Ke3 Rd7 26. Rd2 Rad8 27. Rcd1 b6 28.
Ne2 e5 29. Nc3 Kf6 30. Nd5+ Bxd5 31. Rxd5 Ke6 32. Rf1 f6 33. Bd1 f5 34. Bc2 Rf8
35. g3 hxg3 36. hxg3 Rh7 37. exf5+ gxf5 38. Rfd1 Rd7 39. Rh1 Rf6 40. g4 fxg4 41.
f5+ Ke7 42. Rh4 Kd8 43. Rxg4 Rh7 44. Rg6 Rh6 45. Rd1 Ke7 46. Rxf6 Rxf6 47. Rh1
Kf8 48. Rh8+ Kg7 49. Rb8 Rh6 50. Rxb6 Rh2 51. Bd1 Rh3+ 52. Ke2 Rh2+ 53. Ke3 Rh3+
54. Ke2 Nd3 55. Bc2 Nf4+ 56. Kd2 Rh2+ 57. Kd1 Rh1+ 58. Kd2 Rh2+ 59. Kd1 d5 60.
cxd5 Nxd5 61. Rg6+ Kf7 62. Bd3 Nf6 63. Bc4+ Ke7 64. Rg7+ Kd6 65. Rg6 Ke7 66.
Rg7+ Kd6 67. Rg6 Ke7 68. Rg7+ Kd6 1/2-1/2

[Event "57th World Juniors 2018"]
[Site "Manavgat TUR"]
[Date "2018.09.12"]
[Round "8.38"]
[White "Kevlishvili, Robby"]
[Black "Wadsworth, Matthew J"]
[Result "0-1"]
[WhiteTitle "IM"]
[BlackTitle "FM"]
[WhiteElo "2485"]
[BlackElo "2351"]
[WhiteFideId "1040634"]
[BlackFideId "415804"]
[EventDate "2018.09.05"]

1. e4 c5 2. Nf3 e6 3. d4 cxd4 4. Nxd4 Nc6 5. Nc3 Qc7 6. Be3 a6 7. Qf3 Ne5 8. Qg3
h5 9. O-O-O h4 10. Qh3 b5 11. f4 Nc4 12. Bxc4 Qxc4 13. f5 Bb7 14. Rhf1 e5 15.
Nb3 Qc7 16. Kb1 Nf6 17. Qf3 Rc8 18. Rf2 b4 19. Nd5 Bxd5 20. exd5 Bd6 21. Re2 a5
22. Nc1 Kf8 23. Bf2 a4 24. Be1 e4 25. Qe3 a3 26. b3 Rh5 27. Qh3 Qc5 28. Bf2 Qb5
29. Bd4 Qxd5 30. g4 hxg3 31. Qxh5 Nxh5 32. Bxg7+ Kxg7 33. Rxd5 gxh2 34. Rd1 Nf6
35. Rg2+ Kf8 36. Ne2 Rc5 37. Ng3 Rc3 38. Ne2 Rh3 39. Rh1 Be5 40. Kc1 e3 41. Kd1
Ne4 42. Ke1 d5 43. Kf1 Rf3+ 44. Ke1 Rf2 45. Rg4 Nc3 46. Nd4 0-1

[Event "57th World Juniors 2018"]
[Site "Manavgat TUR"]
[Date "2018.09.12"]
[Round "8.39"]
[White "Sargsyan, Shant"]
[Black "Galperin, Platon"]
[Result "0-1"]
[WhiteTitle "IM"]
[WhiteElo "2477"]
[BlackElo "2348"]
[WhiteFideId "13306766"]
[BlackFideId "14165414"]
[EventDate "2018.09.05"]

1. e4 e5 2. Nf3 Nc6 3. d4 exd4 4. Nxd4 Bc5 5. Nb3 Bb6 6. Nc3 Nge7 7. Bg5 d6 8.
Qd2 Be6 9. O-O-O f6 10. Be3 O-O 11. Kb1 Qe8 12. Nd5 Rc8 13. f3 Bxe3 14. Qxe3 Bf7
15. Nc3 Rd8 16. Nb5 Qd7 17. Nxa7 Nxa7 18. Qxa7 b5 19. Qd4 Ra8 20. a3 Rfb8 21.
Qc3 b4 22. axb4 Qa4 23. Bc4 d5 24. Bxd5 Nxd5 25. exd5 Rxb4 26. Qc6 Qa2+ 27. Kc1
Bg6 28. Qc3 Rab8 29. d6 cxd6 30. Rhe1 Qa6 31. Rd4 R4b5 32. Kd2 Rc8 33. Ra1 Rxc3
34. Rxa6 Rxc2+ 35. Kd1 Rxb3 36. Raxd6 h5 37. Rd8+ Kh7 38. Rd2 Rbxb2 0-1

[Event "57th World Juniors 2018"]
[Site "Manavgat TUR"]
[Date "2018.09.12"]
[Round "8.40"]
[White "Tutisani, Noe"]
[Black "Shailesh, Dravid"]
[Result "1/2-1/2"]
[WhiteTitle "IM"]
[BlackTitle "FM"]
[WhiteElo "2471"]
[BlackElo "2325"]
[WhiteFideId "13602853"]
[BlackFideId "25017969"]
[EventDate "2018.09.05"]

1. e4 c5 2. Nf3 d6 3. d4 Nf6 4. Nc3 cxd4 5. Nxd4 a6 6. h3 e6 7. g4 h6 8. Bg2 Be7
9. Be3 Nc6 10. f4 Nd7 11. O-O O-O 12. Nce2 Nxd4 13. Nxd4 e5 14. Nf5 exf4 15.
Bxf4 Ne5 16. Qd2 Bxf5 17. exf5 Rc8 18. Kh1 Nc4 19. Qe2 Re8 20. Rae1 Qd7 21. Qf3
b5 22. Qb7 Rc7 23. Qxa6 Nxb2 24. f6 Bxf6 25. Qxd6 Rec8 26. Qxd7 Rxd7 27. Be5
Bxe5 28. Rxe5 Nc4 29. Rxb5 Ne3 30. Rf2 Ra7 31. Be4 Rxa2 32. Rb7 Ra1+ 33. Kh2
Nf1+ 34. Kg2 Ne3+ 35. Kg3 Nf1+ 36. Kg2 Ne3+ 37. Kg3 Nf1+ 38. Kf3 Re8 39. h4 Re1
40. Bd3 Ne3 41. Rb4 g6 42. h5 g5 43. Rd2 Re6 44. Be2 Nd5 45. Rb8+ Kg7 46. Kf2
Rh1 47. Kg2 Rc1 48. Kf2 Nf4 49. Bd1 Nh3+ 50. Kg2 Re3 51. Rb3 Nf4+ 52. Kf2 Re6
53. Re3 Rf6 54. Ke1 Ra6 55. Re7 Rb1 56. Rdd7 Rf6 57. Kd2 Ng2 58. c4 Rf2+ 59. Kc3
Rc1+ 60. Kb4 Rf4 61. Be2 Ne1 62. Kc5 Nc2 63. Bd3 Ne1 64. Be2 Nc2 65. Rd1 Rxd1
66. Bxd1 Nd4 67. Rd7 Ne6+ 68. Kb5 Rf2 69. c5 Rb2+ 70. Kc4 Rb1 71. Bc2 Rc1 72.
Rd2 Kf6 73. c6 Ke5 74. Rd5+ Kf6 75. Kb3 Ra1 76. Kb4 Rc1 77. Kb3 Ra1 78. Bf5 Rc1
79. Bc2 1/2-1/2

[Event "57th World Juniors 2018"]
[Site "Manavgat TUR"]
[Date "2018.09.12"]
[Round "8.41"]
[White "Makhnev, Denis"]
[Black "Nastase, Robert-Paul"]
[Result "1-0"]
[WhiteTitle "IM"]
[BlackTitle "FM"]
[WhiteElo "2449"]
[BlackElo "2313"]
[WhiteFideId "13707647"]
[BlackFideId "1221175"]
[EventDate "2018.09.05"]

1. d4 e6 2. c4 Nf6 3. Nf3 b6 4. g3 Ba6 5. b3 b5 6. cxb5 Bxb5 7. Ba3 Bxa3 8. Nxa3
Bc6 9. Bg2 a5 10. O-O O-O 11. Nc4 Qc8 12. Qd2 Ne4 13. Qc2 Nf6 14. Rac1 Ra7 15.
Qd2 Qa6 16. Rfe1 Ne4 17. Qf4 d6 18. h4 f5 19. g4 fxg4 20. Qxg4 Qc8 21. Bh3 Rf6
22. Ng5 Rg6 23. Qxe6+ Qxe6 24. Bxe6+ Kf8 25. Bf5 Rh6 26. Bxe4 Bxe4 27. Nxe4 d5
28. Ng3 dxc4 29. Rxc4 Rxh4 30. Rec1 Na6 31. e3 Rg4 32. Kg2 Ke7 33. Rh1 h6 34.
Rh5 Nb4 35. a3 Nd3 36. Kf3 1-0

[Event "57th World Juniors 2018"]
[Site "Manavgat TUR"]
[Date "2018.09.12"]
[Round "8.42"]
[White "Pigeat, Alexandre"]
[Black "Sibashvili, Giorgi"]
[Result "1-0"]
[WhiteTitle "FM"]
[BlackTitle "IM"]
[WhiteElo "2347"]
[BlackElo "2425"]
[WhiteFideId "20649444"]
[BlackFideId "13602799"]
[EventDate "2018.09.05"]

1. d4 e6 2. c4 Bb4+ 3. Nc3 c5 4. a3 Bxc3+ 5. bxc3 Nf6 6. e3 d5 7. Bd3 O-O 8.
cxd5 exd5 9. Ne2 b6 10. O-O Ba6 11. Bc2 Nc6 12. Re1 Rc8 13. Ng3 Re8 14. dxc5
bxc5 15. e4 Nxe4 16. Nxe4 dxe4 17. Be3 Qf6 18. Ba4 Red8 19. Qg4 Ne5 20. Qxe4 Nd3
21. Red1 Qxc3 22. Qe7 Qa5 23. Bc2 Qc7 24. Qe4 c4 25. h4 Qd7 26. h5 Bb7 27. Qh4
Qd5 28. Qg4 f5 29. Qg3 Rc6 30. Rab1 Ba6 31. Bg5 Rf8 32. Rb8 Rxb8 33. Qxb8+ Rc8
34. Qxa7 Bb7 35. f3 h6 36. Bh4 Re8 37. Qb6 Kh8 38. Qg6 Re6 39. Qg3 Re2 40. Bb1
Qd4+ 41. Kf1 f4 42. Qg6 Bxf3 43. Rxd3 cxd3 44. gxf3 Re3 45. Bf2 Qa1 46. Bxe3
Qxb1+ 47. Kg2 Qc2+ 48. Bf2 Qe2 49. Qa6 Qd1 50. Qa8+ Kh7 51. Qe4+ Kh8 52. Qe8+
Kh7 53. Qe1 Qc2 54. Qe4+ Kh8 55. a4 Qb3 56. Qxf4 Qc2 57. Qe4 Qb3 58. Qe8+ Kh7
59. Qg6+ Kg8 60. Be3 Qa2+ 61. Kg3 Qe2 62. Qe6+ Kh8 63. Qe8+ Kh7 64. Qe4+ Kh8 65.
Bxh6 1-0

[Event "57th World Juniors 2018"]
[Site "Manavgat TUR"]
[Date "2018.09.12"]
[Round "8.43"]
[White "Zarubitski, Viachaslau"]
[Black "Amartuvshin, Ganzorig"]
[Result "1-0"]
[WhiteTitle "IM"]
[BlackTitle "FM"]
[WhiteElo "2425"]
[BlackElo "2280"]
[WhiteFideId "13509373"]
[BlackFideId "4902548"]
[EventDate "2018.09.05"]

1. d4 Nf6 2. Nf3 g6 3. Bf4 Bg7 4. c3 O-O 5. h3 d6 6. e3 c5 7. dxc5 dxc5 8. Nbd2
Bf5 9. Qb3 Nbd7 10. Rd1 Qc8 11. a4 Nb6 12. a5 Be6 13. c4 Nbd7 14. Ng5 Nb8 15.
Nxe6 Qxe6 16. Qxb7 Nc6 17. Be2 a6 18. Bf3 Ne5 19. Bxe5 Qxe5 20. O-O Rfb8 21. Qc6
Ra7 22. b3 Bh6 23. Rb1 Qc3 24. Qxc5 Rd7 25. Ne4 Nxe4 26. Bxe4 e6 27. Rfc1 Qf6
28. Rd1 Bf8 29. Qc6 Rxd1+ 30. Rxd1 Rxb3 31. Qxa6 Rb2 32. Bf3 Qc3 33. Qa8 Kg7 34.
a6 Bc5 35. Qc6 Qa5 36. Qe4 Be7 37. Rd7 Qa1+ 38. Bd1 Qxa6 39. Qe5+ Bf6 40. Qc7
Rb1 41. Rxf7+ Kg8 42. Rxf6 Rxd1+ 43. Kh2 Qd6+ 44. Qxd6 Rxd6 45. Rf4 Kg7 46. c5
Rc6 47. Rc4 Kf6 48. Kg3 Ke5 49. Rc2 Kf5 50. Kf3 Ke5 51. Kg4 Ke4 52. Rc3 h6 53.
h4 Ke5 54. Kf3 Kd5 55. Ke2 Ke4 56. f3+ Kd5 57. Kd3 Ke5 58. Kc4 Kf6 59. Kb5 Rc8
60. c6 g5 61. hxg5+ Kxg5 62. c7 Kh4 63. Kc6 Kg3 64. Rc2 1-0

[Event "57th World Juniors 2018"]
[Site "Manavgat TUR"]
[Date "2018.09.12"]
[Round "8.44"]
[White "Tasdogen, Dincer"]
[Black "Raja, Harshit"]
[Result "0-1"]
[WhiteTitle "FM"]
[BlackTitle "IM"]
[WhiteElo "2329"]
[BlackElo "2419"]
[WhiteFideId "6367097"]
[BlackFideId "5089000"]
[EventDate "2018.09.05"]

1. e4 c5 2. Ne2 Nc6 3. c4 Nf6 4. Nbc3 e6 5. d4 d5 6. cxd5 exd5 7. Bg5 Be7 8.
exd5 Nxd5 9. Bxe7 Ncxe7 10. dxc5 O-O 11. Qd2 Nb4 12. Ng3 Qa5 13. Be2 Rd8 14. Qc1
Qxc5 15. O-O Be6 16. Rd1 Qb6 17. Qg5 Nbc6 18. b3 Qb4 19. Nce4 h6 20. Qc5 b6 21.
Qxb4 Nxb4 22. Nc3 Rxd1+ 23. Bxd1 Rd8 24. Rc1 Rd2 25. a3 Na2 26. Nge4 Rb2 27. Rb1
Nxc3 28. Nxc3 Rd2 29. Kf1 Nd5 30. Nxd5 Bxd5 31. g3 Kf8 32. Rc1 Ke8 33. Ke1 Ra2
34. a4 Kd7 35. Rc3 Rb2 36. Bc2 Ra2 37. Bd1 Kd6 38. Rd3 Ke5 39. b4 Bc4 40. Rd7 a6
41. Rd2 Rxd2 42. Kxd2 Kd4 43. a5 bxa5 44. bxa5 Bf1 45. Bb3 f6 46. Bd1 Bd3 47.
Bb3 Bb5 48. Bf7 Bc4 49. Be8 Bf1 50. Ke1 Bh3 51. Kd2 Bc8 52. h4 Be6 53. Bg6 Kc5
54. Kc3 Kb5 55. Kd4 Kxa5 56. Kc5 Ka4 57. Kd6 Bc4 58. Ke7 a5 59. Kf8 Kb4 60. Kxg7
a4 61. Kxh6 a3 62. Bb1 Kb3 63. Kg7 Kb2 64. Bf5 a2 65. h5 a1=Q 66. h6 Qa7+ 67.
Kxf6 Qb6+ 68. Kg7 Qc7+ 69. Kf6 Qd8+ 70. Kg6 Qd6+ 71. Kg7 Qe7+ 72. Kg6 Bf7+ 73.
Kg7 Bh5+ 0-1

[Event "57th World Juniors 2018"]
[Site "Manavgat TUR"]
[Date "2018.09.12"]
[Round "8.45"]
[White "Agibileg, Uurtsaikh"]
[Black "Secheres, Adrian-Simion"]
[Result "1-0"]
[BlackTitle "FM"]
[WhiteElo "2321"]
[BlackElo "2408"]
[WhiteFideId "4901606"]
[BlackFideId "1217445"]
[EventDate "2018.09.05"]

1. d4 Nf6 2. c4 e6 3. Nc3 Bb4 4. a3 Bxc3+ 5. bxc3 Nc6 6. e3 b6 7. Bd3 Na5 8. Nf3
Ba6 9. Nd2 d5 10. Qe2 O-O 11. O-O c5 12. cxd5 Bxd3 13. Qxd3 exd5 14. f3 Nc6 15.
Bb2 Nh5 16. Rad1 c4 17. Qc2 Re8 18. Rfe1 Qg5 19. Bc1 f5 20. e4 fxe4 21. fxe4 Qg6
22. Qa2 Na5 23. exd5 Qd6 24. Qc2 Qxd5 25. Nf3 Nb3 26. Bg5 h6 27. Re5 Rxe5 28.
dxe5 Qc5+ 29. Kh1 hxg5 30. Qe4 Rf8 31. Nxg5 Nf6 32. exf6 Qxg5 33. Qxc4+ Rf7 34.
Rd8+ Kh7 35. Qd3+ g6 36. Qh3+ Qh5 37. Qc8 Rf8 38. Rd7+ Rf7 39. Rd8 Kh6 1-0

[Event "57th World Juniors 2018"]
[Site "Manavgat TUR"]
[Date "2018.09.12"]
[Round "8.51"]
[White "Agdelen, Huseyin Can"]
[Black "Kalogeris, Ioannis"]
[Result "1/2-1/2"]
[WhiteTitle "FM"]
[WhiteElo "2280"]
[BlackElo "2352"]
[WhiteFideId "6352260"]
[BlackFideId "4239563"]
[EventDate "2018.09.05"]

1. e4 c5 2. Nf3 e6 3. d4 cxd4 4. Nxd4 Nc6 5. Nc3 Qc7 6. Be3 a6 7. Qd2 Nf6 8. f3
Be7 9. O-O-O b5 10. Nxc6 dxc6 11. g4 O-O 12. Qf2 a5 13. g5 Nd7 14. h4 a4 15. Kb1
b4 16. Ne2 c5 17. h5 Nb6 18. Nc1 Ra5 19. g6 e5 20. gxh7+ Kxh7 21. Be2 Bf6 22.
Rdg1 Qe7 23. Rh2 Rh8 24. Rhg2 Kg8 25. Bg5 Rh7 26. Qh4 Nd7 27. Bc4 Kf8 28. h6 g6
29. Qf2 Bxg5 30. Rxg5 Rxh6 31. f4 Kg7 32. Nd3 f6 33. R5g3 exf4 34. Nxf4 Ne5 35.
Bd5 g5 36. Qe2 Ba6 37. Qg2 Bc8 38. Rh1 Nf7 39. Bxf7 Rxh1+ 40. Qxh1 Qxf7 41. e5
Ra6 42. Nh5+ Kg6 43. Nxf6 Rxf6 44. exf6 Qxf6 45. Qe4+ Bf5 46. Qe8+ Kh6 47. Re3
g4 48. Re1 Qd4 49. Qf8+ Kg5 50. Qe7+ Kg6 51. Qe8+ Kg5 52. Qe7+ Kh5 53. Rh1+ Kg6
54. Qe8+ Kf6 55. Qf8+ Kg6 56. Qe8+ Kg5 57. Qe7+ Kg6 58. Qe8+ Kf6 59. Qf8+ Ke5
60. Re1+ Be4 61. Qh8+ Kf4 62. Qh2+ Kg5 63. Qe2 Bf3 64. Qe7+ Kf4 65. Qc7+ Kf5 66.
Qf7+ Kg5 67. Qe7+ Kf5 68. Qf7+ Qf6 69. Qh5+ Kf4 70. Qxc5 g3 71. Qxb4+ Kg5 72.
Qxa4 g2 73. Qa5+ Kg4 74. Qd2 Qb6 75. Qc3 Qf2 76. Qg7+ Kh3 77. Qh6+ Kg3 78. Qg5+
Kh2 79. Qf4+ Kh3 80. Qf5+ Kh2 81. Qe5+ Kh3 82. Qf5+ Kh2 83. Qe5+ Kh3 84. Qf5+
Kh2 85. Qe5+ Kh3 86. a4 Be2 1/2-1/2

[Event "57th World Juniors 2018"]
[Site "Manavgat TUR"]
[Date "2018.09.12"]
[Round "8.52"]
[White "Wong, Yinn Long"]
[Black "Ozer, Omer Faruk"]
[Result "1/2-1/2"]
[WhiteTitle "FM"]
[BlackTitle "IM"]
[WhiteElo "2261"]
[BlackElo "2388"]
[WhiteFideId "5707684"]
[BlackFideId "6354564"]
[EventDate "2018.09.05"]

1. e4 e5 2. Nf3 Nc6 3. d4 exd4 4. Nxd4 Nf6 5. Nxc6 bxc6 6. e5 Qe7 7. Qe2 Nd5 8.
c4 Ba6 9. Nd2 g6 10. b3 Bg7 11. Bb2 O-O 12. O-O-O Rae8 13. Nf3 Nb6 14. Qd2 Bb7
15. Bd3 c5 16. Rhe1 Bxf3 17. gxf3 d6 18. f4 Qh4 19. exd6 Bxb2+ 20. Kxb2 cxd6 21.
Be4 Re6 22. Bc6 Rb8 23. Kc2 Rf6 24. Re4 Rc8 25. Bb7 Rc7 26. f5 Qh5 27. Re8+ Kg7
28. Be4 Rc8 29. Rxc8 Nxc8 30. fxg6 hxg6 31. f4 Re6 32. Bd3 Ne7 33. Rf1 Nf5 34.
Bxf5 Re2 35. Bd3 Rxd2+ 36. Kxd2 Qxh2+ 37. Be2 Kf6 38. Ke3 Qg3+ 39. Bf3 Kf5 40.
Ke2 Kxf4 41. Bd5+ Ke5 42. Rxf7 Qh2+ 43. Rf2 Qh5+ 44. Ke3 Qh3+ 45. Rf3 Qh2 46.
Rf2 Qg1 47. Kf3 g5 48. Rg2 Qf1+ 49. Ke3 Qf4+ 50. Kd3 Qd4+ 51. Kc2 g4 52. Kb1 Kf4
53. a4 g3 54. Ka2 Qd3 55. Rb2 Ke5 56. Rg2 Kf6 57. Rb2 Ke7 58. Rg2 Kf6 59. Rb2
Ke5 60. Rg2 Kd4 61. Rb2 Kc3 62. Bc6 Kd4 63. Bd5 Ke5 64. Bc6 Kf4 65. Bd5 Kg4 66.
Bc6 a5 67. Bd5 Qd4 68. Bg2 Qg1 69. Bd5 Qf1 70. Bc6 Qf7 71. Bg2 Qg7 72. Rc2 Qh7
73. Rb2 Qf5 74. Bc6 Kh3 75. Bg2+ Kh2 76. Be4+ Qf2 77. Rxf2+ gxf2 78. Bd3 Kg2 79.
Kb2 f1=Q 80. Bxf1+ Kxf1 81. Kb1 1/2-1/2

[Event "57th World Juniors 2018"]
[Site "Manavgat TUR"]
[Date "2018.09.12"]
[Round "8.54"]
[White "Yilmaz, Goktan"]
[Black "Urazayev, Arystanbek"]
[Result "1/2-1/2"]
[WhiteTitle "CM"]
[BlackTitle "CM"]
[WhiteElo "2237"]
[BlackElo "2333"]
[WhiteFideId "6354904"]
[BlackFideId "13709810"]
[EventDate "2018.09.05"]

1. e4 e6 2. d4 d5 3. Nc3 Nf6 4. e5 Nfd7 5. f4 c5 6. Nf3 Nc6 7. Be3 Be7 8. Qd2
O-O 9. O-O-O c4 10. f5 b5 11. fxe6 fxe6 12. Ne2 b4 13. Qe1 a5 14. Nf4 Nb6 15. h4
b3 16. cxb3 cxb3 17. a3 Rb8 18. Bd3 Bxa3 19. bxa3 Qe7 20. Kd2 Qxa3 21. Ke2 Nb4
22. Ra1 Na2 23. Ng5 Rxf4 24. Bxf4 h6 25. Nf3 b2 26. Rxa2 Qxa2 27. Nd2 Na4 28.
Nb1 Rb3 29. Qd2 Bd7 30. Bc2 Rb4 31. Kf2 Qc4 32. Be3 Nb6 33. Qd3 Qxd3 34. Bxd3
Nc4 35. Bxc4 Rxc4 36. Ke2 Be8 37. h5 Ba4 38. Bd2 Rxd4 39. Bc3 Rc4 40. Kd3 Rg4
41. Bxb2 Bb5+ 42. Ke3 Rxg2 43. Bc3 a4 44. Kd4 Be2 45. Kc5 Kf7 46. Kd6 Bg4 47.
Rf1+ Kg8 48. Rf4 g6 49. Ke7 gxh5 50. Rf8+ Kg7 51. Rf7+ Kg6 52. Bd2 h4 53. Rf6+
Kg7 54. Bxh6+ Kh7 55. Bf8 Bf5 56. Rh6+ Kg8 57. Rxh4 Bxb1 58. Rxa4 Bf5 59. Rh4
Ra2 60. Kf6 Rg2 61. Ke7 Rg6 62. Ke8 Rg2 1/2-1/2